[Event "BL 1213 Wiesbadener SV - SV Mülheim Nor"]
[Site "?"]
[Date "2013.02.03"]
[Round "8.1"]
[White "Fridman, Daniel"]
[Black "Khenkin, Igor"]
[Result "1/2-1/2"]
[WhiteElo "2670"]
[BlackElo "2655"]
[PlyCount "42"]
[EventDate "2013.??.??"]
[TimeControl "120+28"]
[WhiteClock "0:01:01"]
[BlackClock "0:00:40"]

1. d4 Nf6 2. c4 e6 3. Nf3 d5 4. g3 dxc4 5. Bg2 Bb4+ 6. Bd2 a5 7. O-O O-O 8. Bg5
b5 9. Nc3 Ba6 10. a4 bxa4 11. Qxa4 h6 12. Bxf6 Qxf6 13. Ne5 Ra7 14. Na2 c5 15.
Nxb4 axb4 16. Nc6 Nxc6 17. Qxc6 Bb7 18. Qxc5 Rxa1 19. Rxa1 Rc8 20. Qxb4 Bxg2
21. Kxg2 Qxd4 1/2-1/2

[Event "BL 1213 Wiesbadener SV - SV Mülheim Nor"]
[Site "?"]
[Date "2013.02.03"]
[Round "8.2"]
[White "Kurnosov, Igor"]
[Black "Landa, Konstantin"]
[Result "1/2-1/2"]
[WhiteElo "2660"]
[BlackElo "2641"]
[PlyCount "49"]
[EventDate "2013.??.??"]
[TimeControl "120+17"]
[WhiteClock "0:00:20"]
[BlackClock "0:00:22"]

1. e4 e5 2. Nf3 Nf6 3. Nc3 Nc6 4. d4 exd4 5. Nxd4 Bb4 6. Nxc6 bxc6 7. Bd3 d5 8.
exd5 cxd5 9. O-O O-O 10. h3 Re8 11. Qf3 c6 12. Bf4 Be6 13. Ne2 Bd6 14. Rfe1 c5
15. Rad1 Bxf4 16. Nxf4 Qa5 17. b3 Qxa2 18. Bb5 Re7 19. Qc3 Qa3 20. Nxd5 Nxd5
21. Rxd5 Bxd5 22. Rxe7 c4 23. Re3 Qc1+ 24. Kh2 cxb3 25. cxb3 1/2-1/2

[Event "BL 1213 Wiesbadener SV - SV Mülheim Nor"]
[Site "?"]
[Date "2013.02.03"]
[Round "8.3"]
[White "Tregubov, Pavel V"]
[Black "Tazbir, Marcin"]
[Result "1-0"]
[WhiteElo "2601"]
[BlackElo "2555"]
[PlyCount "97"]
[EventDate "2013.??.??"]
[TimeControl "120+32"]
[WhiteClock "0:00:40"]
[BlackClock "0:00:36"]

1. d4 Nf6 2. c4 g6 3. Nc3 d5 4. e3 Bg7 5. cxd5 Nxd5 6. Nxd5 Qxd5 7. Ne2 O-O 8.
Nc3 Qd8 9. Be2 c6 10. O-O e5 11. dxe5 Bxe5 12. e4 Qxd1 13. Rxd1 Nd7 14. f4 Bc7
15. Be3 Re8 16. h3 f6 17. Kf2 Kg7 18. Rac1 Bb6 19. b4 Nf8 20. a4 Bxe3+ 21. Kxe3
Bd7 22. Rd6 Re6 23. Rd4 Re7 24. Rcd1 Rae8 25. g4 Bc8 26. Rd6 Be6 27. Rd8 Kf7
28. b5 Rxd8 29. Rxd8 Re8 30. Rd2 Rc8 31. bxc6 bxc6 32. Rb2 Rc7 33. a5 Ke7 34.
h4 Nd7 35. g5 f5 36. e5 Nc5 37. a6 Bc8 38. Ra2 Be6 39. Ra1 Kd8 40. h5 gxh5 41.
Bxh5 Rd7 42. Be2 Kc7 43. Rh1 Nb3 44. Rh6 Nd4 45. Bd3 Bb3 46. Ne2 Nc2+ 47. Bxc2
Bxc2 48. Nd4 Be4 49. Rf6 1-0

[Event "BL 1213 Wiesbadener SV - SV Mülheim Nor"]
[Site "?"]
[Date "2013.02.03"]
[Round "8.4"]
[White "Bulski, Krzysztof"]
[Black "Berelowitsch, Alexander"]
[Result "0-1"]
[WhiteElo "2547"]
[BlackElo "2565"]
[PlyCount "49"]
[EventDate "2013.??.??"]
[TimeControl "120+40"]
[WhiteClock "0:00:18"]
[BlackClock "0:00:15"]

1. Nf3 d5 2. d4 c5 3. c4 e6 4. cxd5 exd5 5. Nc3 Nc6 6. g3 Nf6 7. Bg2 Be7 8. O-O
O-O 9. dxc5 Bxc5 10. Na4 Be7 11. Be3 Re8 12. Rc1 Bg4 13. Nc5 Bxc5 14. Bxc5 Qd7
15. Re1 h6 16. Qa4 Rac8 17. Be3 a6 18. Nd4 Bh3 19. Nxc6 Bxg2 20. Kxg2 bxc6 21.
Bd4 Ne4 22. b4 Ng5 23. Qxa6 Qh3+ 24. Kg1 Qf5 25. Qd3 0-1

[Event "BL 1213 Wiesbadener SV - SV Mülheim Nor"]
[Site "?"]
[Date "2013.02.03"]
[Round "8.5"]
[White "Feygin, Michael"]
[Black "Poetsch, Hagen"]
[Result "1/2-1/2"]
[WhiteElo "2538"]
[BlackElo "2466"]
[PlyCount "71"]
[EventDate "2013.??.??"]
[TimeControl "120+32"]
[WhiteClock "0:00:07"]
[BlackClock "0:00:06"]

1. e4 e6 2. d4 d5 3. Nc3 Nf6 4. Bg5 dxe4 5. Nxe4 Be7 6. Bxf6 gxf6 7. Nf3 f5 8.
Nc3 a6 9. g3 b5 10. Bg2 Bb7 11. O-O c5 12. dxc5 Bxc5 13. Qxd8+ Kxd8 14. Ne5
Bxg2 15. Kxg2 Ke7 16. Rfd1 Rc8 17. a4 Bb4 18. Ne2 Rxc2 19. Nd4 Rc5 20. Nd3 Rc4
21. Ne5 Rc5 22. Nd3 Rc4 23. Nf3 bxa4 24. Rxa4 a5 25. Rda1 Nc6 26. b3 Re4 27.
Rc1 Ra6 28. Ra2 Bd6 29. Nc5 Bxc5 30. Rxc5 Kd6 31. Rc3 Nb4 32. Rd2+ Nd5 33. Rc4
f6 34. Nd4 Rb6 35. Ra4 Ra6 36. f3 1/2-1/2

[Event "BL 1213 Wiesbadener SV - SV Mülheim Nor"]
[Site "?"]
[Date "2013.02.03"]
[Round "8.6"]
[White "Carlstedt, Jonathan"]
[Black "Levin, Felix"]
[Result "0-1"]
[WhiteElo "2383"]
[BlackElo "2508"]
[PlyCount "98"]
[EventDate "2013.??.??"]
[TimeControl "120+19"]
[WhiteClock "0:00:05"]
[BlackClock "0:00:08"]

1. c4 b6 2. Nc3 Bb7 3. e4 e6 4. Nge2 Nf6 5. Ng3 c5 6. Be2 Nc6 7. f4 h5 8. d3 h4
9. Nf1 d5 10. cxd5 exd5 11. e5 d4 12. Nb5 Nd5 13. Bf3 Ncb4 14. a3 Qd7 15. Nd6+
Bxd6 16. axb4 Be7 17. bxc5 Bxc5 18. Bd2 a5 19. Be4 O-O-O 20. Qc2 Qc7 21. Rc1
Kb8 22. Kf2 Rc8 23. Qb3 Qd7 24. h3 f6 25. exf6 gxf6 26. g4 Qd6 27. f5 Bb4 28.
Qd1 Bxd2 29. Qxd2 Rxc1 30. Qxc1 Rc8 31. Qd1 Qf4+ 32. Qf3 Rc2+ 33. Kg1 Qxf3 34.
Bxf3 Rxb2 35. Rh2 Rxh2 36. Kxh2 Ne3 37. Bxb7 Kxb7 38. g5 Nxf5 39. gxf6 Nd6 40.
Nd2 Kc6 41. Kg2 Kd7 42. Kf3 Ke6 43. Kg4 Kxf6 44. Kxh4 a4 45. Kg4 a3 46. Kf3 a2
47. Nb3 Nb7 48. Ke2 Nc5 49. Na1 b5 0-1

[Event "BL 1213 Wiesbadener SV - SV Mülheim Nor"]
[Site "?"]
[Date "2013.02.03"]
[Round "8.7"]
[White "Hausrath, Daniel"]
[Black "Dubkov, Andrej"]
[Result "1-0"]
[WhiteElo "2484"]
[BlackElo "2327"]
[PlyCount "73"]
[EventDate "2013.??.??"]
[TimeControl "120+40"]
[WhiteClock "0:00:33"]
[BlackClock "0:00:02"]

1. d4 d5 2. Nf3 c6 3. g3 Bg4 4. Bg2 Nd7 5. O-O Ngf6 6. Nbd2 e6 7. Re1 Be7 8. e4
O-O 9. c3 Bh5 10. e5 Ne8 11. Nb3 a5 12. Be3 a4 13. Nc1 c5 14. Nd3 cxd4 15. cxd4
Nc7 16. Nf4 Bg6 17. Nxg6 hxg6 18. Bf1 Nb6 19. b3 Qd7 20. h4 Rfc8 21. Ng5 Bxg5
22. hxg5 Nb5 23. Kg2 Nc3 24. Qg4 axb3 25. axb3 Rxa1 26. Rxa1 Ra8 27. Rc1 Na2
28. Rc5 Nc8 29. Qh4 Ne7 30. g4 b6 31. Bb5 Qd8 32. Rc2 Nb4 33. Rc1 Ra5 34. Rh1
Kf8 35. Qh8+ Ng8 36. Rh7 Ke7 37. Rxg7 1-0

[Event "BL 1213 Wiesbadener SV - SV Mülheim Nor"]
[Site "?"]
[Date "2013.02.03"]
[Round "8.8"]
[White "Nagel, Bernhard"]
[Black "Saltaev, Mihail"]
[Result "0-1"]
[WhiteElo "2218"]
[BlackElo "2479"]
[PlyCount "130"]
[EventDate "2013.??.??"]
[TimeControl "120+16"]
[WhiteClock "0:00:06"]
[BlackClock "0:00:46"]

1. d4 Nf6 2. Nf3 c6 3. c4 d6 4. g3 Nbd7 5. Bg2 e5 6. O-O Be7 7. Nc3 O-O 8. Qc2
Re8 9. Rd1 Bf8 10. dxe5 dxe5 11. Rb1 a5 12. h3 Qc7 13. Na4 Nc5 14. Nxc5 Bxc5
15. e4 Nh5 16. Kh2 g6 17. Ne1 Be6 18. Nd3 Bd4 19. b3 Rad8 20. Bb2 c5 21. Bxd4
Rxd4 22. Ne1 Red8 23. Nf3 R4d7 24. Rxd7 Rxd7 25. Rd1 f6 26. Rd2 Ng7 27. Qd1 Kf7
28. Ne1 Qd8 29. Rxd7+ Qxd7 30. Qxd7+ Bxd7 31. Nd3 b6 32. f4 Ke6 33. Kg1 Kd6 34.
Kf2 Ne6 35. h4 Nd4 36. Bf3 a4 37. Bd1 a3 38. Ke3 h6 39. fxe5+ fxe5 40. Ne1 b5
41. cxb5 Bxb5 42. Nc2 Nxc2+ 43. Bxc2 c4 44. Kd2 cxb3 45. Bxb3 Bc6 46. Bc2 Kc5
47. Kc3 g5 48. hxg5 hxg5 49. Bd3 Be8 50. Bc4 Bg6 51. Bd5 Bh7 52. Kd3 Kb4 53.
Bf7 Kb5 54. Bd5 Bg6 55. Kc3 Kc5 56. g4 Bh7 57. Kd3 Kb4 58. Bf7 Kb5 59. Be8+ Kc5
60. Bf7 Kb4 61. Be6 Bg6 62. Bd5 Be8 63. Be6 Bb5+ 64. Ke3 Bc4 65. Bd5 Kc5 0-1

[Event "BL 1213 SV Griesheim - SF Katernberg"]
[Site "?"]
[Date "2013.02.03"]
[Round "8.1"]
[White "Kryvoruchko, Yuriy"]
[Black "Farago, Ivan"]
[Result "1-0"]
[WhiteElo "2679"]
[BlackElo "2488"]
[PlyCount "65"]
[EventDate "2013.??.??"]
[TimeControl "120+16"]
[WhiteClock "0:00:22"]
[BlackClock "0:00:28"]

1. e4 e6 2. d4 d5 3. Nc3 dxe4 4. Nxe4 Nd7 5. Nf3 Ngf6 6. Nxf6+ Nxf6 7. Bd3 c5
8. Be3 Qc7 9. Qe2 Bd6 10. O-O-O O-O 11. dxc5 Bxc5 12. Bxc5 Qxc5 13. Ne5 b6 14.
g4 Qb4 15. g5 Qf4+ 16. Kb1 Qxg5 17. f4 Qh6 18. Rhg1 Bb7 19. Rg5 Rac8 20. Rdg1
Rc7 21. Rxg7+ Qxg7 22. Rxg7+ Kxg7 23. Qe1 Rg8 24. b3 h6 25. f5 Kf8 26. Qh4 Ke7
27. fxe6 fxe6 28. Qxh6 Rc5 29. Qf4 Rg1+ 30. Kb2 Re1 31. Ng6+ Kf7 32. Nh8+ Ke7
33. Qg3 1-0

[Event "BL 1213 SV Griesheim - SF Katernberg"]
[Site "?"]
[Date "2013.02.03"]
[Round "8.2"]
[White "Murdzia, Piotr"]
[Black "Romanov, Evgeny"]
[Result "1/2-1/2"]
[WhiteElo "2471"]
[BlackElo "2611"]
[PlyCount "104"]
[EventDate "2013.??.??"]
[TimeControl "120+16"]
[WhiteClock "0:00:07"]
[BlackClock "0:00:11"]

1. d4 Nf6 2. c4 c5 3. d5 g6 4. Nc3 Bg7 5. e4 d6 6. h3 O-O 7. Nf3 e6 8. Bd3 Na6
9. O-O Nc7 10. Re1 e5 11. Rb1 Nh5 12. a3 b6 13. Bd2 Qe8 14. Bc2 Ba6 15. Ba4 Qc8
16. Bc6 Bxc4 17. Bxa8 Qxa8 18. Be3 Ba6 19. a4 Qe8 20. g4 Nf6 21. Nd2 Bd3 22.
Rc1 Na6 23. b3 Nb4 24. Nc4 Qd7 25. f3 Ne8 26. Bg5 f6 27. Be3 f5 28. Nb2 Ba6 29.
Nc4 h5 30. Rf1 hxg4 31. hxg4 Nf6 32. Qe2 fxg4 33. fxg4 Nd3 34. Rcd1 Nf4 35.
Bxf4 exf4 36. Rxf4 Bxc4 37. bxc4 Bh6 38. Rf2 Nxg4 39. Rxf8+ Bxf8 40. Rd3 Ne5
41. Rg3 Qf7 42. Qf1 a6 43. Qh3 Nxc4 44. Qc8 Kg7 45. Qxa6 Qf4 46. Ne2 Qxe4 47.
Qb7+ Kg8 48. Kf2 Ne5 49. Qxb6 Qxa4 50. Qb1 Qh4 51. Kg2 Be7 52. Nc3 Qd4 1/2-1/2

[Event "BL 1213 SV Griesheim - SF Katernberg"]
[Site "?"]
[Date "2013.02.03"]
[Round "8.3"]
[White "Firman, Nazar"]
[Black "Izsak, Gyula"]
[Result "1/2-1/2"]
[WhiteElo "2531"]
[BlackElo "2471"]
[PlyCount "133"]
[EventDate "2013.??.??"]
[TimeControl "120+22"]
[WhiteClock "0:02:06"]
[BlackClock "0:01:46"]

1. e4 c5 2. Nf3 e6 3. d3 Nc6 4. g3 d6 5. Bg2 Nf6 6. O-O Be7 7. Nbd2 O-O 8. Re1
Qc7 9. b3 Nd7 10. Bb2 Bf6 11. c3 Nde5 12. Qc2 Nxf3+ 13. Nxf3 d5 14. d4 cxd4 15.
cxd4 Qb6 16. Ba3 Rd8 17. e5 Be7 18. Bc5 Qc7 19. Rac1 Bxc5 20. Qxc5 Qe7 21. Qb5
Qe8 22. Bf1 Rb8 23. Qd3 Qe7 24. h4 Bd7 25. Ng5 g6 26. Re3 Rbc8 27. Rd1 Nb4 28.
Qe2 Rc2 29. Qg4 h6 30. Nh3 h5 31. Qf4 Rdc8 32. Rf3 R2c3 33. Rxc3 Rxc3 34. a3
Nc2 35. Rc1 Rc8 36. Ng5 Rc6 37. Rd1 Nxa3 38. Ra1 Be8 39. Qf6 Qxf6 40. exf6 Nc2
41. Rxa7 Rc8 42. Rxb7 Nxd4 43. b4 Nf5 44. b5 Nd6 45. Re7 Rb8 46. Bd3 Rb7 47.
Rxb7 Nxb7 48. Nf3 Bxb5 49. Bxb5 Nd6 50. Ba4 Ne4 51. Ne5 Nxf6 52. f3 Kg7 53. Kf2
Ng8 54. Nd3 Ne7 55. Bc2 f6 56. Bb3 g5 57. hxg5 fxg5 58. Ne5 Kf6 59. Nd7+ Kg7
60. Ba4 h4 61. gxh4 gxh4 62. Bc2 Ng6 63. Kg2 Nf4+ 64. Kh2 Kf7 65. Ne5+ Kf6 66.
Ng4+ Ke7 67. Ne5 1/2-1/2

[Event "BL 1213 SV Griesheim - SF Katernberg"]
[Site "?"]
[Date "2013.02.03"]
[Round "8.4"]
[White "Horvath, Peter"]
[Black "Chuchelov, Vladimir"]
[Result "0-1"]
[WhiteElo "2434"]
[BlackElo "2543"]
[PlyCount "52"]
[EventDate "2013.??.??"]
[TimeControl "120+24"]
[WhiteClock "0:00:11"]
[BlackClock "0:00:34"]

1. d4 d5 2. c4 c6 3. Nf3 Nf6 4. Nc3 dxc4 5. a4 e6 6. e3 c5 7. Bxc4 Nc6 8. O-O
cxd4 9. exd4 Be7 10. d5 exd5 11. Nxd5 Nxd5 12. Qxd5 Be6 13. Qxd8+ Rxd8 14. Bxe6
fxe6 15. Be3 Rf8 16. Rfd1 Rf5 17. Rxd8+ Kxd8 18. Rd1+ Ke8 19. Nd4 Rd5 20. Rd2
Bb4 21. Nxe6 Rxd2 22. Bxd2 Bxd2 23. Nxg7+ Kf7 24. Nf5 Ke6 25. Ng3 Bc1 26. b3
Nd4 0-1

[Event "BL 1213 SV Griesheim - SF Katernberg"]
[Site "?"]
[Date "2013.02.03"]
[Round "8.5"]
[White "Bischoff, Klaus"]
[Black "Grabarczyk, Miroslaw"]
[Result "1-0"]
[WhiteElo "2519"]
[BlackElo "2450"]
[PlyCount "51"]
[EventDate "2013.??.??"]
[TimeControl "120+23"]
[WhiteClock "0:00:45"]
[BlackClock "0:00:07"]

1. c4 e6 2. Nc3 d5 3. d4 Be7 4. Bf4 Nf6 5. e3 O-O 6. Rc1 c6 7. h3 Nbd7 8. Nf3
b6 9. cxd5 cxd5 10. Bd3 Bb7 11. O-O a6 12. a4 Nb8 13. Ne5 Nfd7 14. Nxd7 Qxd7
15. a5 b5 16. Na4 bxa4 17. Rc7 Qd8 18. Rxb7 a3 19. bxa3 Bd6 20. Bxd6 Qxd6 21.
Qb1 Nc6 22. Rb6 Qd7 23. Rc1 Nxa5 24. Bxh7+ Kh8 25. Bd3 Qe7 26. Rc5 1-0

[Event "BL 1213 SV Griesheim - SF Katernberg"]
[Site "?"]
[Date "2013.02.03"]
[Round "8.6"]
[White "Grabarczyk, Bogdan"]
[Black "Siebrecht, Sebastian"]
[Result "0-1"]
[WhiteElo "2393"]
[BlackElo "2479"]
[PlyCount "68"]
[EventDate "2013.??.??"]
[TimeControl "120+12"]
[WhiteClock "0:00:11"]
[BlackClock "0:00:15"]

1. e4 c5 2. Nf3 e6 3. d4 cxd4 4. Nxd4 a6 5. c4 Nc6 6. Nxc6 bxc6 7. Nc3 Bb4 8.
Qd4 Qf6 9. e5 Qe7 10. Bd3 f6 11. Qg4 Qf7 12. f4 Nh6 13. Qh3 O-O 14. O-O f5 15.
Na4 d5 16. exd6 Bxd6 17. c5 Be7 18. Qf3 Ng4 19. b4 e5 20. Qxc6 Rb8 21. Nb6 Be6
22. h3 e4 23. Bxa6 Bf6 24. hxg4 Bxa1 25. Be3 Bc3 26. a3 Rfd8 27. gxf5 Qxf5 28.
Bc4 Bxc4 29. Nxc4 Rd3 30. Nd6 Qf6 31. Kf2 Bd2 32. Bxd2 Qd4+ 33. Ke1 e3 34. Qe4
Qa1+ 0-1

[Event "BL 1213 SV Griesheim - SF Katernberg"]
[Site "?"]
[Date "2013.02.03"]
[Round "8.7"]
[White "Ris, Robert"]
[Black "Walter, Stefan"]
[Result "1-0"]
[WhiteElo "2394"]
[BlackElo "2358"]
[PlyCount "91"]
[EventDate "2013.??.??"]
[TimeControl "120+35"]
[WhiteClock "0:01:04"]
[BlackClock "0:00:38"]

1. d4 Nf6 2. c4 e6 3. Nc3 Bb4 4. e3 O-O 5. Bd3 c5 6. Nf3 cxd4 7. exd4 d5 8. O-O
dxc4 9. Bxc4 b6 10. Qe2 Bb7 11. Rd1 Bxc3 12. bxc3 Qc7 13. Bd3 Nbd7 14. c4 Rfe8
15. Bb2 Rac8 16. Rac1 Ng4 17. h3 Bxf3 18. Qxf3 Qh2+ 19. Kf1 Ngf6 20. Qg3 Qxg3
21. fxg3 Rc7 22. Ba3 Rec8 23. g4 h6 24. Kf2 Nb8 25. Bd6 Rd7 26. c5 bxc5 27.
dxc5 Rdd8 28. Bb5 Ne4+ 29. Ke3 Nxd6 30. cxd6 Rxc1 31. Rxc1 a6 32. Ba4 g6 33.
Rc7 Kg7 34. Rb7 Kf6 35. Ke4 Rc8 36. Kd4 Rd8 37. Kc5 Ke5 38. d7 f5 39. gxf5 exf5
40. Rxb8 Rxb8 41. Kc6 Rb4 42. d8=Q Rxa4 43. Qd6+ Ke4 44. Qxg6 h5 45. Qxh5 Rxa2
46. Qf3+ 1-0

[Event "BL 1213 SV Griesheim - SF Katernberg"]
[Site "?"]
[Date "2013.02.03"]
[Round "8.8"]
[White "Janoszka, Arnd"]
[Black "Scholz, Christian"]
[Result "1-0"]
[WhiteElo "2349"]
[BlackElo "2389"]
[PlyCount "97"]
[EventDate "2013.??.??"]
[TimeControl "120+22"]
[WhiteClock "0:00:25"]
[BlackClock "0:00:13"]

1. c4 e5 2. g3 Nf6 3. Bg2 d5 4. cxd5 Nxd5 5. Nc3 Nb6 6. Nf3 Nc6 7. O-O Be7 8.
d3 O-O 9. b3 Be6 10. Bb2 Qd7 11. Ne4 f6 12. Rc1 a5 13. d4 a4 14. dxe5 axb3 15.
Qxd7 Nxd7 16. exf6 gxf6 17. axb3 Bxb3 18. Nd4 Nxd4 19. Bxd4 Ra4 20. e3 Bc4 21.
Rxc4 Rxc4 22. Nxf6+ Nxf6 23. Bxf6 Rxf6 24. Bd5+ Kg7 25. Bxc4 Rc6 26. Bd5 Rb6
27. Rc1 c6 28. Be4 Rb4 29. Bf5 h6 30. Rb1 Kf6 31. Rxb4 Bxb4 32. Bc8 b6 33. f4
Ke7 34. Kf2 Kd6 35. e4 c5 36. Ke3 c4 37. Kd4 Bc5+ 38. Kxc4 Bg1 39. e5+ Kc7 40.
Bg4 Bxh2 41. Kd5 Bxg3 42. f5 Kd8 43. f6 Bh4 44. Bh5 b5 45. Ke6 b4 46. Kf7 b3
47. e6 b2 48. e7+ Kc7 49. Bg6 1-0

[Event "BL 1213 SC Eppingen - Werder Bremen"]
[Site "?"]
[Date "2013.02.03"]
[Round "8.2"]
[White "Harikrishna, Pentala"]
[Black "Efimenko, Zahar"]
[Result "1-0"]
[WhiteElo "2688"]
[BlackElo "2689"]
[PlyCount "83"]
[EventDate "2013.??.??"]

1. e4 e5 2. Nf3 Nc6 3. Bb5 a6 4. Ba4 Nf6 5. O-O Be7 6. d3 b5 7. Bb3 O-O 8. a4
b4 9. Nbd2 d6 10. Nc4 Be6 11. h3 h6 12. Be3 Qc8 13. Re1 Rd8 14. Qe2 Qb7 15.
Rad1 Nd7 16. d4 exd4 17. Nxd4 Nxd4 18. Bxd4 a5 19. Rd3 Qc6 20. Ne3 Qxe4 21. Nd5
Bxd5 22. Qf1 Qf5 23. g4 Qg5 24. f4 Qh4 25. Bxd5 c6 26. Bxc6 Rac8 27. Bd5 Rxc2
28. Bb3 Rcc8 29. Bf2 Qf6 30. Bd4 Qh4 31. g5 Bf8 32. g6 Kh8 33. Bxf7 Nc5 34.
Rde3 d5 35. Qf3 Nb3 36. Bb6 Rd6 37. Re8 Rxb6 38. Rxc8 Qxe1+ 39. Kg2 Qe7 40. Qe3
Rxg6+ 41. Bxg6 Qf6 42. f5 1-0

[Event "BL 1213 SC Eppingen - Werder Bremen"]
[Site "?"]
[Date "2013.02.03"]
[Round "8.3"]
[White "Fressinet, Laurent"]
[Black "Berkes, Ferenc"]
[Result "0-1"]
[WhiteElo "2702"]
[BlackElo "2679"]
[PlyCount "126"]
[EventDate "2013.??.??"]

1. c4 e6 2. g3 d5 3. Bg2 dxc4 4. Qa4+ Nd7 5. Qxc4 c5 6. Qc2 Ne7 7. Nc3 g6 8.
Nf3 Bg7 9. O-O O-O 10. Rd1 Nc6 11. d3 h6 12. Na4 Nb4 13. Qb3 a5 14. Be3 b6 15.
a3 Nd5 16. Bd2 Ba6 17. Rac1 Rc8 18. e4 Ne7 19. Bc3 Nc6 20. Bxg7 Kxg7 21. Qc3+
Qf6 22. Qb3 b5 23. Nc3 a4 24. Qa2 Na5 25. Re1 Nb3 26. Rcd1 Ne5 27. Nxe5 Qxe5
28. Qb1 Rfd8 29. Qc2 Qb8 30. Ne2 b4 31. Nf4 Qe5 32. h4 Rc7 33. Kh1 Rcd7 34. Bf1
Bb5 35. Ng2 c4 36. Nf4 Nd4 37. Qc1 Nb3 38. Qc2 c3 39. axb4 Nd4 40. Qxc3 Rc7 41.
Qd2 Nf3 42. d4 Rxd4 43. Qe3 Nxe1 44. Qxd4 Qxd4 45. Rxd4 Rc1 46. Ne2 Ra1 47. Rd8
e5 48. g4 Nf3 49. Ng3 Nxh4 50. Kg1 Rb1 51. Ra8 Kf6 52. Ra5 Bxf1 53. Nxf1 Kg5
54. Rxa4 Kxg4 55. Ra2 Nf3+ 56. Kg2 Nh4+ 57. Kg1 Nf3+ 58. Kg2 Ne1+ 59. Kg1 Nd3
60. Ra3 Nxb4 61. Rb3 Nc2 62. Rb7 Kf3 63. Rd7 Nd4 0-1

[Event "BL 1213 SC Eppingen - Werder Bremen"]
[Site "?"]
[Date "2013.02.03"]
[Round "8.5"]
[White "Rapport, Richard"]
[Black "Acs, Peter"]
[Result "1-0"]
[WhiteElo "2621"]
[BlackElo "2586"]
[PlyCount "81"]
[EventDate "2013.??.??"]

1. d4 d5 2. c4 c6 3. e3 Nf6 4. Nc3 a6 5. Nf3 b5 6. c5 Nbd7 7. a3 a5 8. Bd3 g6
9. e4 dxe4 10. Nxe4 Bg7 11. Ng3 Nf8 12. h3 Be6 13. Ne2 Bd5 14. Nf4 Ne6 15. Nxd5
Nxd5 16. O-O Qc7 17. a4 b4 18. Re1 O-O 19. Re4 Rad8 20. Qe1 Qc8 21. Bc4 Ndc7
22. Be3 Nd5 23. Bd2 Ndc7 24. Qe3 Nd5 25. Qe2 Ndc7 26. Be3 Nd5 27. Bd2 Ndc7 28.
Re1 Nxd4 29. Nxd4 Rxd4 30. Rxe7 Bf6 31. Bh6 Rxc4 32. Qxc4 Bxe7 33. Rxe7 Ne6 34.
Bxf8 Kxf8 35. Ra7 Qd8 36. Qe4 Qg5 37. Qf3 Qc1+ 38. Kh2 f5 39. Qg3 Qf4 40. Rxa5
Qxg3+ 41. Kxg3 1-0

[Event "BL 1213 SC Eppingen - Werder Bremen"]
[Site "?"]
[Date "2013.02.03"]
[Round "8.6"]
[White "Ruck, Robert"]
[Black "Meins, Gerlef"]
[Result "1/2-1/2"]
[WhiteElo "2567"]
[BlackElo "2473"]
[PlyCount "102"]
[EventDate "2013.??.??"]

1. Nf3 Nf6 2. c4 e6 3. Nc3 Bb4 4. g3 O-O 5. Bg2 d6 6. O-O Nc6 7. Qc2 e5 8. e3
h6 9. b3 Be6 10. Bb2 Qd7 11. d3 a6 12. a3 Bxc3 13. Bxc3 Bh3 14. b4 Bxg2 15.
Kxg2 b5 16. Bb2 Nd8 17. cxb5 axb5 18. e4 Ne6 19. d4 Nf4+ 20. Kh1 Qh3 21. Rg1
Ng4 22. dxe5 dxe5 23. Bc1 Nd3 24. Rg2 Rfd8 25. Qe2 Ndxf2+ 26. Rxf2 Nxf2+ 27.
Qxf2 Rd1+ 28. Ng1 Rad8 29. Bb2 f6 30. Qe2 Qd7 31. Rxd1 Qxd1 32. Bc3 Qb3 33. Be1
c6 34. Kg2 Qxa3 35. Nf3 Qd3 36. Kf2 Qxe2+ 37. Kxe2 Kf7 38. Nd2 Ra8 39. Nb3 Ra2+
40. Bd2 Ke7 41. Nc5 h5 42. h3 Ra3 43. Be3 Kf7 44. g4 hxg4 45. hxg4 g6 46. g5 f5
47. Nd7 Ke6 48. Nf8+ Kf7 49. Nd7 Ke6 50. Nf8+ Kf7 51. Nd7 Ke6 1/2-1/2

[Event "BL 1213 SC Eppingen - Werder Bremen"]
[Site "?"]
[Date "2013.02.03"]
[Round "8.7"]
[White "Fish, Gennadij"]
[Black "Medvegy, Zoltan"]
[Result "1/2-1/2"]
[WhiteElo "2475"]
[BlackElo "2561"]
[PlyCount "50"]
[EventDate "2013.??.??"]

1. d4 Nf6 2. c4 e6 3. Nc3 Bb4 4. e3 O-O 5. Bd3 c5 6. Nge2 cxd4 7. exd4 d5 8.
cxd5 Qxd5 9. O-O Qh5 10. Ne4 Nbd7 11. Bd2 Qa5 12. N2c3 Be7 13. Qe2 Rd8 14. Nb5
Qb6 15. a4 a5 16. Bg5 Nd5 17. Bxe7 Nxe7 18. Ned6 Rf8 19. Rac1 Nf6 20. Rc7 Ned5
21. Nc4 Qa6 22. Ne5 Qb6 23. Nc4 Qa6 24. Ne5 Qb6 25. Nc4 Qa6 1/2-1/2

[Event "BL 1213 SC Eppingen - Werder Bremen"]
[Site "?"]
[Date "2013.02.03"]
[Round "8.8"]
[White "Braun, Arik"]
[Black "Lichman, Peter"]
[Result "1-0"]
[WhiteElo "2556"]
[BlackElo "2334"]
[PlyCount "97"]
[EventDate "2013.??.??"]

1. d4 Nf6 2. c4 g6 3. Nc3 Bg7 4. e4 d6 5. Nf3 O-O 6. h3 Nbd7 7. Bg5 e5 8. d5 h6
9. Be3 Nc5 10. Qc2 a5 11. g4 Ne8 12. O-O-O f5 13. gxf5 gxf5 14. Rg1 Kh8 15. Be2
Qf6 16. Nd2 Na6 17. exf5 Bxf5 18. Nde4 Qh4 19. Bg4 Bh7 20. Qd2 Nf6 21. Ng5 hxg5
22. Bxg5 Bh6 23. Bxh4 Bxd2+ 24. Kxd2 Nxg4 25. Rxg4 Nc5 26. Ke2 Bf5 27. Rg5 Rf7
28. Rh5+ Bh7 29. Rg1 Raf8 30. Rg4 Rf4 31. Nb5 Rxg4 32. hxg4 Kg7 33. Nxc7 Bd3+
34. Ke3 Bxc4 35. Be7 Rf4 36. f3 Rd4 37. Bxd6 Rd3+ 38. Kf2 Nd7 39. Bxe5+ Nxe5
40. Rxe5 Bxa2 41. Kg3 Kf6 42. Re6+ Kf7 43. Rb6 Rb3 44. Rxb3 Bxb3 45. Kf4 Ke7
46. Ke5 Bd1 47. d6+ Kd7 48. g5 Bxf3 49. Nd5 1-0

[Event "BL 1213 SV Hockenheim - Turm Emsdetten"]
[Site "?"]
[Date "2013.02.03"]
[Round "8.1"]
[White "Giri, Anish"]
[Black "Buhmann, Rainer"]
[Result "1-0"]
[WhiteElo "2730"]
[BlackElo "2584"]
[PlyCount "77"]
[EventDate "2013.??.??"]

1. e4 e5 2. Nf3 Nc6 3. d4 exd4 4. Nxd4 Nf6 5. Nc3 Bb4 6. Nxc6 bxc6 7. Bd3 d5 8.
exd5 O-O 9. O-O cxd5 10. h3 Rb8 11. Qf3 Re8 12. Bf4 Bd6 13. b3 Bb7 14. Bxd6
Qxd6 15. Qg3 Re5 16. Rae1 Ne4 17. Nxe4 dxe4 18. Bc4 Bc6 19. Qe3 Ra5 20. Rd1 Qf6
21. b4 Rg5 22. Qxa7 Rf8 23. Qe3 Qg6 24. g3 Kh8 25. Be2 f5 26. Qf4 Qf6 27. b5
Ba8 28. Rd7 Rg6 29. Rfd1 e3 30. fxe3 Rh6 31. h4 g5 32. Qxg5 Qxg5 33. hxg5 Rh1+
34. Kf2 Rh2+ 35. Ke1 Rh1+ 36. Kd2 Rh2 37. Rf1 Be4 38. Rf4 Rg2 39. g6 1-0

[Event "BL 1213 SV Hockenheim - Turm Emsdetten"]
[Site "?"]
[Date "2013.02.03"]
[Round "8.2"]
[White "Lenic, Luka"]
[Black "Mchedlishvili, Mikheil"]
[Result "0-1"]
[WhiteElo "2633"]
[BlackElo "2651"]
[PlyCount "48"]
[EventDate "2013.??.??"]

1. Nf3 Nf6 2. c4 e6 3. g3 d5 4. d4 Bb4+ 5. Bd2 Be7 6. Bg2 c6 7. Qc2 O-O 8. O-O
Nbd7 9. Rd1 b6 10. Ne5 Nxe5 11. dxe5 Ng4 12. cxd5 cxd5 13. e4 d4 14. Bf4 g5 15.
Qe2 Nxf2 16. Qxf2 gxf4 17. gxf4 Kh8 18. Kh1 d3 19. Nc3 Ba6 20. Bf1 Qd7 21. Rab1
Rg8 22. Qf3 Rad8 23. Rd2 Qd4 24. Bg2 Bc5 0-1

[Event "BL 1213 SV Hockenheim - Turm Emsdetten"]
[Site "?"]
[Date "2013.02.03"]
[Round "8.3"]
[White "Spoelman, Wouter"]
[Black "Baramidze, David"]
[Result "0-1"]
[WhiteElo "2541"]
[BlackElo "2615"]
[PlyCount "82"]
[EventDate "2013.??.??"]

1. d4 d5 2. c4 c6 3. Nf3 Nf6 4. e3 Bf5 5. Nc3 e6 6. Nh4 Bg6 7. a3 Nbd7 8. Nxg6
hxg6 9. g3 Bd6 10. b3 Ne4 11. Nxe4 dxe4 12. Qg4 Qa5+ 13. Bd2 Qf5 14. Qe2 Qf3
15. Qxf3 exf3 16. Bd3 f5 17. e4 c5 18. exf5 exf5 19. d5 Ne5 20. Bc2 Rh3 21. Bf4
Kf7 22. Kd2 Rah8 23. Rae1 Rxh2 24. Rhf1 Kf6 25. Re3 R8h3 26. Bxe5+ Bxe5 27. Kd3
Bd4 28. Rxf3 g5 29. Ke2 g6 30. b4 g4 31. Rd3 b6 32. Ba4 Ke5 33. Bd7 Rg2 34. Be8
Rhh2 35. Kd1 Kf6 36. Rxd4 cxd4 37. Ke2 Rxg3 38. Bb5 Re3+ 39. Kd1 Rxa3 40. Kd2
a6 41. Bc6 g3 0-1